000 00426nam a22001817a 4500
003 CEME
005 20210628205755.0
008 210316b xxu||||| |||| 00| 0 eng d
020 _a969-38-0027-3
040 _c.
082 _a891.4393 ASL
100 _aAslam Rahi
_964301
245 _aTilsam kida
260 _aLAHORE
_bMAKTABA ALQURESH
_c1996
300 _a456P
650 _aURDU ADAB-NOVEL
_920918
942 _cBK
_2ddc
999 _c582301
_d582301